000
00204 a2200097 4500
001
41411
100
_a
Allan
245
_a
Qustations in history
260
_a
_b
Harvester Press
_c
090
_c
25587
_d
25587
942
_a
NUST-CAE
_c
M
_c
17321
999
_c
276484
_d
276484